000 01184nam a22003137a 4500
003 DO-SdBNP
005 20240628104234.0
008 161031b 1995 ch a 00| 0 spa d
020 _a8421638335
040 _aBPMSU
_bspa
_cBPMSU
082 4 _a305.23
_bN717c 1995
_222
245 0 0 _aNiños como yo :
_bcelebraciones /
_cColaboradores Barnabas y Anabel Kindersley ; prólogo Joaquín Ruisz Giménez; Diorki traducción
246 1 4 _aNiños como yo :
_bCelebraciones, festivales, carnavales y fiestas en todo el mundo
260 _aChina :
_bBruño, UNICEF,
_c1995
_b
300 _a63 p. :
_bil. ;
_c18 cm.
500 _3Incluye índice
590 _aInventariado, 2024/VM
650 4 _aNiños
_xVida social y costumbres
650 4 _aAniversarios
_xAspectos sociales.
650 4 _aFestivales
_xApectos sociales.
650 4 _aManifestaciones culturales.
650 4 _aLiteratura juvenil
700 1 _aKindersley, Anabel.
_efotografía
700 1 _aDiorki
_etraducción
700 1 _aRuisz Giménez, Joaquín
_epríologo
_3
710 2 _aFondo de las Naciones Unidas para la Infancia.
_3
910 _aVMateo V. Control de calidad. BPMSU
942 _2ddc
_cBK
999 _c14695
_d14695